000 00328nam a22001457a 4500
008 231012b ||||| |||| 00| 0 eng d
020 _a9780080348735
041 _aeng
080 _a521
082 _a521CON
100 _a19
101 _aASTRO
245 _aPLATE TECTONICS CRUSTAL EVOLUTION
_cCONDIE.C.K
942 _2udc
_cBK
999 _c60431
_d60431